| 000 | 00000nam##2200000za#4500 |
| 001 | 9.599106 |
| 003 | CaOODSP |
| 005 | 20210624204912 |
| 007 | cr ||||||||||| |
| 008 | 150406|1999||||xxc|||||o f|0| 0 fre|d |
| 040 | |aCaOODSP|bfre |
| 043 | |an-cn--- |
| 086 | 1 |aBT31-2/2000-III-61F-PDF |
| 110 | 1 |aCanada. |bConseil du trésor. |
| 245 | 10|aIndustrie Canada, budget des dépenses 1999-2000, rapport sur les plans et les priorités |h[ressource électronique] |
| 260 | |bSecrétariat du Conseil du Trésor du Canada |c[1999]. |
| 300 | |a111p.|bgraphiques, carte, organigrammes, tableaux, index |
| 490 | 1 |aBudget des dépenses 1999-2000. Partie III, Rapport sur les plans et les priorités |v1999-2000 |
| 590 | |a10-13-Supp|b2010-11-23 |
| 775 | 08|tIndustry Canada, 1999-2000 estimates, report on plans and priorities |w(CaOODSP)9.567782 |
| 776 | 0#|tIndustry Canada |w(CaOODSP)9.531672 |
| 776 | 0#|tIndustrie Canada |w(CaOODSP)9.531673 |
| 830 | #0|aBudget des dépenses 1999-2000. Partie III, Rapport sur les plans et les priorités ;|v1999-2000|w(CaOODSP)9.502119 |
| 856 | 40|ahttp://publications.gc.ca|qPDF|s548 Ko|uhttps://publications.gc.ca/collections/Collection/BT31-2-2000-III-61F.pdf|y1999-2000 |